[Event "CHN-ch U20"]
[Site "Shanghai"]
[Date "2024.02.17"]
[Round "4"]
[White "Zhang, Haoxu"]
[Black "Chen, Zhi"]
[Result "1/2-1/2"]
[WhiteElo "1815"]
[BlackElo "1885"]
[PlyCount "96"]
[EventDate "2024.02.16"]
[EventType "swiss"]
[EventRounds "11"]
[EventCountry "CHN"]
[SourceTitle "CB09_2024"]
[SourceDate "2024.02.28"]
[SourceVersion "1"]
[SourceVersionDate "2024.02.28"]
[SourceQuality "1"]

1. d4 Nf6 2. Nf3 e6 3. Nbd2 d5 4. e3 b6 5. Bd3 Bb7 6. Ne5 Nbd7 7. f4 Bd6 8. 0-0 c5 9. c3 a6 10. Qf3 Qe7 11. b3 Bc7 12. Bb2 h6 13. c4 0-0 14. Rac1 Ra7 15. cxd5 exd5 16. Qg3 Nxe5 17. dxe5 Ne4 18. Nxe4 dxe4 19. Be2 Rd8 20. Bh5 Bc8 21. Bg4 Bxg4 22. Qxg4 Rd2 23. Bc3 Rd3 24. f5 Qg5 25. Qxe4 Qxe3+ 26. Qxe3 Rxe3 27. Kf2 Rd3 28. Rfd1 Rxc3 29. Rxc3 Bxe5 30. Rd8+ Kh7 31. Rc2 h5 32. Kf3 Rc7 33. Re2 f6 34. h3 b5 35. g4 c4 36. g5 g6 37. bxc4 bxc4 38. gxf6 Bxf6 39. Rd6 c3 40. Rxf6 c2 41. Rxc2 Rxc2 42. fxg6+ Kh6 43. Rxa6 Rc3+ 44. Kf4 Rxh3 45. a4 Ra3 46. a5 Ra1 47. Kf5 Rf1+ 48. Ke5 h4 1/2-1/2

[Event "CHN-ch U20"]
[Site "Shanghai"]
[Date "2024.02.17"]
[Round "3"]
[White "Zhang, Haoxu"]
[Black "Wu, Hao"]
[Result "1-0"]
[WhiteElo "1815"]
[BlackElo "2009"]
[PlyCount "95"]
[EventDate "2024.02.16"]
[EventType "swiss"]
[EventRounds "11"]
[EventCountry "CHN"]
[SourceTitle "CB09_2024"]
[SourceDate "2024.02.28"]
[SourceVersion "1"]
[SourceVersionDate "2024.02.28"]
[SourceQuality "1"]

1. d4 d5 2. Nf3 Nf6 3. e3 c6 4. h3 e6 5. Bd3 Nbd7 6. Nbd2 Bd6 7. 0-0 0-0 8. Re1 e5 9. e4 dxe4 10. Nxe4 Nxe4 11. Rxe4 exd4 12. Rxd4 Bc5 13. Rf4 h6 14. b4 Be7 15. Bb2 Bf6 16. Bxf6 Nxf6 17. Qd2 Be6 18. Nd4 Re8 19. Rd1 Qc7 20. Rxf6 gxf6 21. Qxh6 f5 22. Bxf5 Bxf5 23. Nxf5 Qe5 24. Qg5+ Kf8 25. f4 Qh8 26. Rd7 Re6 27. Nd4 Rf6 28. Rxb7 Re8 29. c3 Qg7 30. Qxg7+ Kxg7 31. Rxa7 Rxf4 32. Rc7 Re1+ 33. Kh2 Rf2 34. Rxc6 Rxa2 35. b5 Rb1 36. c4 Rbb2 37. Kg3 Rxg2+ 38. Kf4 Rgf2+ 39. Ke4 Ra8 40. b6 Rb2 41. c5 Rd8 42. Nf5+ Kf8 43. Rc7 Re2+ 44. Kf3 Ree8 45. b7 Rb8 46. Nd6 Red8 47. Rxf7+ Kg8 48. Rc7 1-0

[Event "Belt and Road Hunan op-C"]
[Site "Changsha"]
[Date "2019.08.01"]
[Round "6"]
[White "He, Chenglu"]
[Black "Zhang, Haoxu"]
[Result "1/2-1/2"]
[WhiteElo "1842"]
[BlackElo "1722"]
[PlyCount "60"]
[EventDate "2019.07.29"]
[EventType "swiss"]
[EventRounds "9"]
[EventCountry "CHN"]
[SourceTitle "EXT 2020"]
[Source "ChessBase"]
[SourceDate "2019.10.17"]
[SourceVersion "1"]
[SourceVersionDate "2019.10.17"]
[SourceQuality "1"]

1. e4 e6 2. d4 d5 3. Nd2 c5 4. exd5 exd5 5. Bb5+ Bd7 6. Bxd7+ Nxd7 7. Ngf3 Bd6 8. 0-0 Ne7 9. dxc5 Nxc5 10. c3 0-0 11. Nd4 Ng6 12. N2f3 h6 13. Nf5 Ne6 14. Kh1 Bc7 15. Qb3 b6 16. Rd1 Nc5 17. Qxd5 Qf6 18. N3d4 Rad8 19. Qf3 Ne5 20. Qh3 Ne4 21. Be3 Nc4 22. b3 Nxe3 23. Qxe3 Rfe8 24. Qf3 Rd5 25. Kg1 Rde5 26. Ng3 Qxf3 27. Nxf3 Nxc3 28. Nxe5 Nxd1 29. Rxd1 Rxe5 30. Kf1 Kf8 1/2-1/2